• 首页
  • 本馆介绍
  • 公告通知
  • 最新文献
  • 馆藏检索
  • 电子资源
  • 读者导购
  • 参考咨询
  • 我的图书馆
  • 登录
  • 详细信息显示
  • 放入我的书架
  • 预约/预借图书
  • 作者相关作品
  • 分类相关作品
  • 丛书相关作品
  • 出版社相关作品

书目信息

  • 表格格式
  • 工作单格式
  • 卡片格式
题名:
产业技术联盟与政策导向
    
 
作者: 伍建民 , 张京成 , 李梅 著
分册:  
出版信息: 北京   科学出版社  2011
页数: 198页
开本: 24cm
丛书名:
单 册:
中图分类: F127.1
科图分类:
主题词: 产业组织政策--Chan Ye Zu Zhi Zheng Ce--研究--北京
电子资源:
ISBN: 978-7-03-031245-7
000 01054nam0 22002771 450
001 349944
005 20161009084252.42
010    @a978-7-03-031245-7@dCNY36.00
100    @a20110720d2011 em y0chiy50 ea
101 0  @achi
102    @aCN@b110000
105    @ay z 000yy
106    @ar
200 1  @a产业技术联盟与政策导向@AChan Ye Ji Shu Lian Meng Yu Zheng Ce Dao Xiang@f伍建民,张京成,李梅著
210    @a北京@c科学出版社@d2011
215    @a198页@d24cm
312    @a封面英文题名:Industrial technology alliance and directional policies
330    @a本书对北京市近几年在支持产业技术联盟发展过程中所积累的宝贵经验做了系统的分析和总结,特别对北京市的最新做法进行了详细而全面的阐述。
510 1  @aIndustrial technology alliance and directional policies@zeng
606 0  @a产业组织政策@AChan Ye Zu Zhi Zheng Ce@x研究@y北京
690    @aF127.1@v5
701  0 @a伍建民@AWu Jian Min@f(1968~)@4著
701  0 @a张京成@AZhang Jing Cheng@4著
701  0 @a李梅@ALi Mei@4著
801  0 @aCN@bTANGWEI@20160802
905    @b0887545-9@dF127.1@e260@f5
    
    产业技术联盟与政策导向/伍建民,张京成,李梅著 .-北京:科学出版社,2011
    198页;24cm
    
    
    ISBN 978-7-03-031245-7:CNY36.00
    本书对北京市近几年在支持产业技术联盟发展过程中所积累的宝贵经验做了系统的分析和总结,特别对北京市的最新做法进行了详细而全面的阐述。
●
相关链接 在E读中查询图书 在五车中查询图书 在当当中查询图书 在豆瓣中查询图书


正题名:产业技术联盟与政策导向     索取号:F127.1/260         预约/预借

序号 登录号 条形码 馆藏地/架位号 状态 备注
1 0887545   208875458   第一样本阅览室/ [索取号:F127.1/260] 在馆    
2 0887546   208875467   密集书库-海洋学院/ [索取号:F127.1/260] 在馆    
3 0887547   208875476   第一借阅区/ [索取号:F127.1/260] 在馆    
4 0887548   208875485   第一借阅区/ [索取号:F127.1/260] 在馆    
5 0887549   208875494   第一借阅区/ [索取号:F127.1/260] 在馆    
唐山师范学院图书馆 欢迎您!
大连网信软件有限公司© 版权所有